000 02340cam a2200361 a 4500
001 17452455
005 20170105102846.0
008 120904s2013 enk b 001 0 eng c
010 _a 2012036080
020 _a9780415644938 (hbk)
020 _a9780415644945 (pbk)
020 _a9780203374535 (ebk)
040 _aNIC/DLC
_cNIC
_dDLC
042 _apcc
043 _aa------
_an-us---
050 0 0 _aUA830
_b.O54 2013
082 0 0 _a355.0217
_223
100 1 _aO'Neil, Andrew.
245 1 0 _aAsia, the US and extended nuclear deterrence :
_batomic umbrellas in the twenty-first century /
_cAndrew O'Neil.
260 _aLondon ;
_aNew York :
_bRoutledge, Taylor & Francis Group,
_c2013.
300 _axii 176 p. ;
_c24 cm.
504 _aIncludes bibliographical references and index.
520 _a"Since the end of the Cold War, significant attention has focussed on the issue of nuclear deterrence and in particular whether formal nuclear security guarantees from nuclear weapons states to non-nuclear weapons states involving the possible use of nuclear weapons have a place in the twenty-first century global strategic landscape. Growing support for nuclear disarmament in the US and elsewhere has seen witnessed serious doubts being raised about the ongoing utility of extended nuclear deterrence. This book provides the first detailed analysis of the way in which extended nuclear deterrence operates in contemporary Asia. It addresses the following key questions: What does the role of extended nuclear deterrence in Asia tell us about the broader role of extended nuclear deterrence in the contemporary international system? Is this role likely to change significantly in the years ahead? O'Neil uses a theoretical and historical framework to analyse the contemporary and future dynamics of extended nuclear deterrence in Asia and challenges many of the existing orthodox perspectives on the topic"--
650 0 _aNuclear weapons
_zAsia.
650 0 _aNuclear arms control
_zAsia.
650 0 _aDeterrence (Strategy)
_zAsia.
650 0 _aSecurity, International
_zAsia.
651 0 _aAsia
_xMilitary relations
_zUnited States.
651 0 _aUnited States
_xMilitary relations
_zAsia.
906 _a7
_bcbc
_corignew
_d1
_eecip
_f20
_gy-gencatlg
942 _2ddc
_cBK
999 _c14075
_d14075